| 000 | 01028nam a2200301Ia 4500 | ||
|---|---|---|---|
| 005 | 20210727153401.0 | ||
| 008 | 161108s2006 sp a g 000 0 spa | ||
| 020 | _a9788488342805 | ||
| 100 | 1 |
_aCarle, Eric _d1929- |
|
| 245 | 1 | 0 |
_aDiez patitos de goma _cEric Carle ; traducción Miguel Ángel Mendo |
| 250 | _a2a. edición | ||
| 300 |
_a[30] páginas _bilustraciones en color _c32 cm |
||
| 534 | _tTen little rubber ducks | ||
| 650 | 1 | 4 |
_2LEMB _aCuentos infantiles estadounidenses _ySiglo XX |
| 650 | 1 | 4 |
_2LEMB _aLiteratura infantil estadounidense _ySiglo XX |
| 650 | 1 | 4 |
_2LEMB _aAventura en la literatura |
| 650 | 1 | 4 |
_2LEMB _aMar en la literatura |
| 650 | 1 | 4 |
_2LEMB _aPatos en la literatura |
| 700 | 1 |
_aCarle, Eric _d1929- |
|
| 700 | 1 |
_aMendo, Miguel Ángel _d1949- |
|
| 942 |
_2loc _cBKINF |
||
| 264 |
_aMadrid _bKókinos _c2006 |
||
| 336 |
_atexto _btxt _2rdacontent |
||
| 337 |
_asin mediación _bn _2rdamedia |
||
| 338 |
_avolumen _bnc _2rdacarrier |
||
| 040 |
_aCO-BoRNBP _bspa _erda _cCO-BoRNBP |
||
| 084 | _aC CAR5 | ||
| 999 |
_c7072 _d7072 |
||